| 000 | 00544nam a2200205Ia 4500 | ||
|---|---|---|---|
| 003 | OSt | ||
| 005 | 20230531094207.0 | ||
| 008 | 210423s2010 xx 000 0 und d | ||
| 020 | _a978-81-8450-238-1 | ||
| 040 | _cAL | ||
| 041 | _aeng | ||
| 082 | _a363.348 GOED | ||
| 100 |
_aGOEL (S L);KUMAR (R). _9117499 |
||
| 245 | _aDisaster victims care in hospitals | ||
| 260 |
_aNew Delhi _bDeep and deep publication _c2010 |
||
| 300 |
_avii,298 _bPB |
||
| 365 |
_b480 _cINR |
||
| 906 | _acare ; Disaster ; hospitals ; victims | ||
| 942 |
_2ddc _cBK |
||
| 999 |
_c176334 _d176334 |
||